| 000 | 00700nam a2200277Ia 4500 | ||
|---|---|---|---|
| 005 | 20250425162643.0 | ||
| 008 | 250425s9999 xx 000 0 und d | ||
| 020 | _a9780199861378 | ||
| 041 | _aeng | ||
| 082 | _a658.4022 | ||
| 100 | _aCHIOCCCHIO, FRANCOIS EDITOR | ||
| 245 | 0 | _aTHE PSYCHOLOGY AND MANAGEMENT OF PROJECT TEAMS | |
| 250 | _a1ST ED. | ||
| 260 |
_aEstados Unidos _bOXFORD UNIVERSITY EXPRESS _c2015 |
||
| 260 | _aNEW YORK | ||
| 300 | _a534 | ||
| 650 | _aDEFINICIONES | ||
| 650 | _aDEFINICIONES | ||
| 650 | _aDEFINICIONES | ||
| 650 | _aOBJETIVOS | ||
| 650 | _aOBJETIVOS | ||
| 650 | _aOBJETIVOS | ||
| 710 | _aOXFORD UNIVERSITY PRESS | ||
| 942 | _c01 | ||
| 010 | _a94545 | ||
| 999 |
_c233698 _d233698 |
||